| 000 | 01668nam a2200385 a 4500 | ||
|---|---|---|---|
| 001 | ebr10524309 | ||
| 003 | CaPaEBR | ||
| 006 | m u | ||
| 007 | cr cn||||||||| | ||
| 008 | 111024s2012 ne abf sb 001 0deng d | ||
| 010 | _z 2011043837 | ||
| 020 | _z9789004208018 (hardback : alk. paper) | ||
| 020 | _z9789004226425 (e-book) | ||
| 040 |
_aCaPaEBR _cCaPaEBR |
||
| 035 | _a(OCoLC)778434351 | ||
| 043 |
_aaw----- _aa-is--- |
||
| 050 | 1 | 4 |
_aCJ1375 _b.A75 2012eb |
| 082 | 0 | 4 |
_a737.4095694 _223 |
| 100 | 1 | _aAriel, Donald T. | |
| 245 | 1 | 4 |
_aThe coins of Herod _h[electronic resource] : _ba modern analysis and die classification / _cby Donald T. Ariel, Jean-Philippe Fontanille. |
| 260 |
_aLeiden ; _aBoston : _bBrill, _c2012. |
||
| 300 |
_axiii,203 p., 96 p. of plates : _bill., maps. |
||
| 490 | 1 |
_aAncient Judaism and early Christianity = _aArbeiten zur Geschichte des antiken Judentums und des Urchristentums, _x1871-6636 ; _vv. 79 |
|
| 500 | _aTwo columns to the page. | ||
| 504 | _aIncludes bibliographical references and index. | ||
| 533 |
_aElectronic reproduction. _bPalo Alto, Calif. : _cebrary, _d2012. _nAvailable via World Wide Web. _nAccess may be limited to ebrary affiliated libraries. |
||
| 600 | 0 | 0 |
_aHerod _bI, _cKing of Judea, _d73-4 B.C. |
| 650 | 0 |
_aJewish coins _zPalestine. |
|
| 650 | 0 |
_aJewish numismatics _zPalestine. |
|
| 655 | 7 |
_aElectronic books. _2local |
|
| 700 | 1 | _aFontanille, Jean-Philippe. | |
| 710 | 2 | _aebrary, Inc. | |
| 830 | 0 |
_aAncient Judaism and early Christianity ; _vv. 79. |
|
| 856 | 4 | 0 |
_uhttp://site.ebrary.com/lib/rucke/Doc?id=10524309 _zAn electronic book accessible through the World Wide Web; click to view |
| 999 |
_c238829 _d238829 |
||